| 000 | 00492nam a2200121Ia 4500 | ||
|---|---|---|---|
| 008 | 160712s9999 xx 000 0 und d | ||
| 100 | _aGürcan, Efe Can . | ||
| 245 |
_cEfe Can Gürcan _aFood Crisis and Beyond: Locating Food- Sovereign Alternatives in a Post-Neoliberal Context |
||
| 260 |
_c2011 _bKasarinlan Philippine Journal of Third World Studies |
||
| 300 | _avol. 26 no. 1-2 | ||
| 650 | _xINDEPENDENCE | ||
| 856 | _uhttp://journals.upd.edu.ph/index.php/kasarinlan/issue/view/331/showToc | ||
| 999 |
_c297599 _d297599 |
||